00833nam a2200193Ia 4500003000900000005001700009008004100026040003100067040001300098041000800111100002500119245004300144260003900187300001800226520026600244942001200510999001700522952010000539IT-RoPAU20220918175739.0120407s9999 xx 000 0 und d aIT-RoPAUc20140509153935.0 cIT-RoPAU aita aMadre Maestra924317 aCircolari di Madre Maestra (1954-1958) c1959aRoma bCasa Generalizia PDDM a193 p.c15 cm aIndice Alle Sorelle tutte Anno 1954 Anno 1955 Anno 1956 Anno 1957 Anno 1958 Alle Superiore Alle Maestre di Noviziato, Postulato, Aspirandato Alle Madri e sorelle U.S.A. Alle addette all'Apostolato Liturgico Alle addette all'Apostolato del Servizio Sacerdotale cBK2ddc c28066d28066 00102ddc406P_D571aPAULUSbPAULUSd2012-04-11l0oP D5r2012-04-11 00:00:00w2012-04-11yBK